All 1M+ Cities by Letter - A - Statistics

General Stats
  • This quiz has been taken 1,208 times
    218 since last reset
  • The average score is 27 of 39
Answer Stats
Country (State) Population (Millions) City Name % Correct
Egypt 5.7 Alexandria
98%
Turkey 4.975 Ankara
98%
Greece 3.35 Athens
98%
USA (Georgia) 5.8 Atlanta
98%
Algeria 3.9 Algiers
97%
USA (Texas) 1.92 Austin
97%
Netherlands 2.45 Amsterdam
96%
New Zealand 1.49 Auckland
96%
Ethiopia 3.7 Addis Ababa
94%
Jordan 5.45 Amman
94%
UAE 1.43 Abu Dhabi
93%
Ghana 4.95 Accra
93%
Paraguay 2.3 Asuncion
93%
Nigeria 3.375 Abuja
91%
Australia 1.34 Adelaide
91%
Belgium 1 Antwerp
90%
Madagascar 2.45 Antananarivo
87%
India (Gujarat) 8.3 Ahmedabad
86%
Kazakhstan 2.1 Almaty
86%
Syria 1.87 Aleppo
84%
Turkmenistan 1.35 Ashgabat
83%
Ivory Coast 5.45 Abidjan
82%
Kazakhstan 1.07 Astana
77%
India (Uttar Pradesh) 2.2 Agra
65%
Turkey 1.26 Antalya
65%
Turkey 1.74 Adana
52%
Morocco 1.16 Agadir
51%
Peru 1.06 Arequipa
47%
China (Liaoning) 2.6 Anshan
46%
Philippines 1.45 Angeles
44%
India (Punjab) 1.38 Amritsar
41%
Nigeria 1.12 Aba
36%
Mexico 1.14 Aguascalientes
36%
Iran 1.35 Ahvaz
31%
India (Maharashtra) 1.75 Aurangabad
31%
China (Henan) 1.82 Anyang
28%
India (Uttar Pradesh) 1.44 Allahabad
23%
India (West Bengal) 1.6 Asansol
22%
India (Uttar Pradesh) 1.21 Aligarh
19%
No matching quizzes found
Score Distribution
Percent of People with Each Score
Percentile by Number Answered
Your Score History
You have not taken this quiz since the last reset